000 00327nam a2200133Ia 4500
008 210210b1975 xxu||||| |||| 00| 0 eng d
082 _a338.954 SUNI
100 _aSUNDHARAM (K P M).
245 _aIndian economy.
260 _aDelhi
_bRam Chand & Co
_c1975
300 _axii,527
690 _aIndian Economics
906 _a031689
999 _c82771
_d82771